000 00541nam a22001937a 4500
003 OSt
005 20160930132808.0
008 160930b xxu||||| |||| 00| 0 eng d
020 _a9780521518260
040 _cDNLM.
082 _aWL355T314m 2010.
100 _aEdited byu Brainin,Micheal;Heiss,Wolf-Dieter;
_911123
245 _aTextbook of Stroke Medicine.
260 _aCambridge.
_bCambridge University Press.
_c2010
300 _ax,326p;
_bill:
_c24cm.
504 _aincludes index.
650 _aMedicine.
_9324
942 _2ddc
_cO_SHELF
999 _c5292
_d5292